000 00378nam a2200157Ia 4500
008 210210b1940 xxu||||| |||| 00| 0 eng d
041 _aeng
082 _a513/104
100 _aNARASIMHACHARI (K)
245 _aIntermediate calculus
260 _aLondon
_bLongmans Green & Co
_c1940
650 _aIntermediate
650 _acalculus
690 _aCalculus
906 _a007384
999 _c139874
_d139874